|
|
|
|
| LEADER |
00000cam a2200000 a 4500 |
| 001 |
80613 |
| 005 |
20230524062913.0 |
| 008 |
000000|1975 ||||||||r|||||||||||spa|| |
| 040 |
|
|
|b spa
|
| 041 |
1 |
|
|a spa
|
| 082 |
0 |
|
|a 338.9
|
| 245 |
1 |
1 |
|a Desarrollo económico regional
|c David Barkin, Timothy King, trad. Roberto Reyes
|h imp
|
| 250 |
|
|
|a 2a ed.,
|
| 264 |
|
|
|a México
|b Siglo Veintiuno Editores
|c 1975
|
| 300 |
|
|
|a 267 páginas:
|b gra
|c 21 cm
|
| 650 |
|
|
|a Desarrollo regional
|9 7959
|
| 650 |
|
0 |
|a Desarrollo económico
|9 4373
|
| 700 |
1 |
|
|a Barkin, David.
|9 217293
|
| 700 |
1 |
|
|a King, Timothy
|9 69130
|
| 852 |
|
|
|a UC-CDJBV
|c ESTANTERIA CERRADA
|f Compra
|k mariana.feican
|l 1
|m General
|p 00000000
|q 3.00
|r 2
|t 80613
|b 0
|d CDRC
|e CDRC
|g 338.9 ESTANTERIA CERRADA
|z 0000-00-00
|
| 942 |
|
|
|c BK
|
| 999 |
|
|
|c 43448
|d 43448
|